• 首页
  • 本馆介绍
  • 公告通知
  • 最新文献
  • 馆藏检索
  • 电子资源
  • 读者导购
  • 参考咨询
  • 我的图书馆
  • 登录
  • 详细信息显示
  • 放入我的书架
  • 预约/预借图书
  • 作者相关作品
  • 分类相关作品
  • 丛书相关作品
  • 出版社相关作品

书目信息

  • 表格格式
  • 工作单格式
  • 卡片格式
书名: Racial and ethnic groups
作者: Richard T. Schaefer.
分册号:
分册名:
出版地: New York :
 
出版社: Longman
出版时间: c1998.
页数: xxii, 546 p. :
开本: 25 cm.
丛书名:
中图分类号:
科图分类号:
其他分类号: D771.262
主题词:
电子资源:
000 01247cam a2200337 a 450
001 E0732394093
005 20070512091710.50
008 970507s1998 nyuab b 001 0 eng
010    @a97020518
020    @a0321013719.
035    @A(DLC) 97020518
040    @aDLC@cDLC@dDLC
043    @an-us---
050 00 @aE184.A1@bS3 1998
082 00 @a305.8/00973@2 21
090    @aD771.262
099    @dD771.262@ex101=7
100 1  @aSchaefer, Richard T.
245 10 @aRacial and ethnic groups / @cRichard T. Schaefer.
250    @a7th ed.
260    @aNew York :@bLongman,@cc1998.
300    @axxii, 546 p. :@bill. (some col.), col. maps ;@c25 cm.
504    @aIncludes bibliographical references (p. 471-527) and index.
650  0 @aMinorities@zUnited States.
650  0 @aPrejudices@zUnited States.
651  0 @aUnited States@xRace relations.
651  0 @aUnited States@xEthnic relations.
906    @a7@bcbc@corignew@d1@eocip@f19@gy-gencatlg
920    @a**LC HAS REQ’D # OF SHELF COPIES**
955    @apc17 to sa00 05-07-97; lh38 (lh08) to subj. 05-08-97; lk29 (E184.A1) 05-08-97; to SL 05-08-97; lh09 05-12-97;aa05 05-12-97; CIP ver. lk50 04-27-98
991    @bc-GenColl@hE184.A1@iS3 1998@p00054932224@tCopy 1@wBOOKS
    
    Racial and ethnic groups / / Richard T. Schaefer.-7th ed.-New York : : Longman, , c1998.
    xxii, 546 p. : : ill. (some col.), col. maps ; ; 25 cm.
    Includes bibliographical references (p. 471-527) and index.
    
    ISBN 0321013719.
    
●
相关链接 在E读中查询图书 在五车中查询图书 在当当中查询图书 在豆瓣中查询图书


正题名:Racial and ethnic groups     索取号:D771.262/x101=7         预约/预借

序号 登录号 条形码 馆藏地/架位号 状态 备注
1 0008242   300082425   第二样本阅览室/ [索取号:D771.262/x101=7] 在馆    
唐山师范学院图书馆 欢迎您!
大连网信软件有限公司© 版权所有